Potreba vzdelávania pracovníkov pre zvýšenie konkurenčnej schopnosti podniku
Význam vzdelávania technických študentov a absolventov technických škôl v ekonomickej oblasti, ktorí budú schopní fungovať praxi aj ako odborníci v controlingovej činnosti.
Na minha lista:
| Autor principal: | |
|---|---|
| Outros Autores: | , |
| Formato: | Capítulo de Livro |
| Idioma: | eslovaco |
| Assuntos: | |
| Tags: |
Sem tags, seja o primeiro a adicionar uma tag!
|
MARC
| LEADER | 00000naa a2200000 4500 | ||
|---|---|---|---|
| 001 | 0186512 | ||
| 005 | 20220330075353.8 | ||
| 041 | 0 | |a slo | |
| 044 | |a SK | ||
| 245 | 1 | 0 | |a Potreba vzdelávania pracovníkov pre zvýšenie konkurenčnej schopnosti podniku |c Zuzana Chodasová, Dagmar Hrašková, Zuzana Tekulová |
| 520 | |a Význam vzdelávania technických študentov a absolventov technických škôl v ekonomickej oblasti, ktorí budú schopní fungovať praxi aj ako odborníci v controlingovej činnosti. | ||
| 610 | 2 | 0 | |a vzdelávanie ďalšie |
| 610 | 2 | 0 | |a školy vojenské |
| 610 | 2 | 0 | |a podnikanie |
| 610 | 2 | 0 | |a stratégia podniková |
| 610 | 2 | 0 | |a Slovensko |
| 610 | 2 | 0 | |a controller |
| 100 | 1 | |a Chodasová, Zuzana | |
| 700 | 1 | |a Hrašková, Dagmar | |
| 700 | 1 | |a Tekulová, Zuzana | |